Understanding Gender (Record no. 5948)
[ view plain ]
| 000 -LEADER | |
|---|---|
| fixed length control field | 00446cam a2200193 a 4500 |
| 001 - CONTROL NUMBER | |
| control field | 12008969 |
| 005 - DATE AND TIME OF LATEST TRANSACTION | |
| control field | 20250108042300.0 |
| 008 - FIXED-LENGTH DATA ELEMENTS--GENERAL INFORMATION | |
| fixed length control field | 000124s2000 ii a b 000 0 eng |
| 020 ## - INTERNATIONAL STANDARD BOOK NUMBER | |
| ISBN | 8186706216 |
| 040 ## - CATALOGING SOURCE (பட்டியலாக்க மூலம்) | |
| Original cataloging agency | DLC |
| Transcribing agency | DLC |
| Modifying agency | DLC |
| 082 00 - DDC Classification | |
| Class No. | 305.3 |
| DDC Edition Number | 6903 |
| Item Number - Author Mark | KAM |
| 100 1# - MAIN ENTRY--PERSONAL NAME | |
| Personal name | Bhasin, K |
| 245 10 - TITLE STATEMENT | |
| Title | Understanding Gender |
| 260 ## - PUBLICATION, DISTRIBUTION, ETC. | |
| Place of publication, distribution, etc. | New Delhi |
| Name of publisher, distributor, etc. | Kali for Women |
| Date of publication, distribution, etc. | 2000 |
| 300 ## - PHYSICAL DESCRIPTION | |
| Extent (e.g. Volumes, Pages etc.) | 86 p., |
| 650 #0 - SUBJECT ADDED ENTRY--TOPICAL TERM | |
| Topical term or geographic name entry element | Sex role |
| 650 #0 - SUBJECT ADDED ENTRY--TOPICAL TERM | |
| Topical term or geographic name entry element | Gender |
| 942 ## - Koha item type (Biblio) | |
| Koha item type | Books in Stacks (Lending) |
| Lost status | Damaged status | Collection code | Home library | Current library | Date acquired | Full call number | Accession Number | Item type |
|---|---|---|---|---|---|---|---|---|
| Lending | WERC Library | WERC Library | 01/08/2025 | 305.3 KAM | 6903 | Books in Stacks (Lending) |
